Sur le meurtre d'Eratosthène, Lysias Partie 2 - Statistiques

Statistiques générales
  • Ce quiz a été pris 10 fois
  • Le résultat moyen est 4 sur 6
Statistiques - réponses
Hint Réponse % Correct
καὶ et,
100%
τὴν εἰς τὴν ἀγορὰν au marché
80%
τὴν θεράπαιναν la servante
80%
ἐπιτηρῶν γὰρ Car épiant
60%
ἀπώλεσεν αὐτήν. la corrompit.
60%
λόγους προσφέρων lui apportant des discours,
60%
Aucun quiz correspondant
Distribution des résultats
% des personnes avec chaque résultat
Percentile par nombre de réponses
Votre historique - résultats
Vous n’avez pas pris ce quiz